[Event "GER-ch66 V02 email"]
[Site "GER email"]
[Date "2012.??.??"]
[Round "?"]
[White "Gebhardt, Ulrich"]
[Black "Naundorf, Helmut"]
[Result "1-0"]
[WhiteElo "1894"]
[BlackElo "1880"]
[PlyCount "91"]
[EventDate "2011.10.01"]
[EventType "tourn (corr)"]
[EventRounds "6"]
[EventCountry "GER"]
[SourceTitle "Corr 2015"]
[Source "ChessBase"]
[SourceDate "2015.07.17"]
[SourceVersion "1"]
[SourceVersionDate "2015.07.17"]
[SourceQuality "1"]

1. d4 Nf6 2. c4 g6 3. Nc3 d5 4. cxd5 Nxd5 5. e4 Nb6 6. Be3 Bg7 7. h3 0-0 8. Nf3 Nc6 9. Be2 f5 10. exf5 Bxf5 11. Qb3+ Kh8 12. d5 Ne5 13. Nxe5 Bxe5 14. g4 Bd7 15. 0-0 c6 16. f4 Bg7 17. dxc6 Bxc6 18. Rad1 Qb8 19. Bf3 Bxf3 20. Rxf3 Rd8 21. Rxd8+ Qxd8 22. Qe6 Rc8 23. Bf2 Rc7 24. Kg2 Qd7 25. Qxd7 Rxd7 26. b3 Rd2 27. Ne4 Rxa2 28. Rd3 Bf6 29. Kf3 Kg8 30. Nxf6+ exf6 31. Rd8+ Kf7 32. Rb8 Ke6 33. Bxb6 axb6 34. Rxb7 Kd5 35. Rxb6 Kc5 36. Rxf6 Ra3 37. Rf7 Rxb3+ 38. Kg2 h6 39. Rf6 Rb2+ 40. Kf3 Rb3+ 41. Ke4 Rxh3 42. Rxg6 Rh1 43. Re6 Rh4 44. Kf5 Kd5 45. Re8 Kd4 46. g5 1-0

[Event "GER-ch65 V02 email"]
[Site "GER email"]
[Date "2011.08.08"]
[Round "?"]
[White "Naundorf, Helmut"]
[Black "Mathias, Manfred"]
[Result "1/2-1/2"]
[WhiteElo "1880"]
[BlackElo "2055"]
[PlyCount "49"]
[EventDate "2011.08.08"]
[EventType "tourn (corr)"]
[EventRounds "6"]
[EventCountry "GER"]
[SourceTitle "Corr 2015"]
[Source "ChessBase"]
[SourceDate "2015.07.17"]
[SourceVersion "1"]
[SourceVersionDate "2015.07.17"]
[SourceQuality "1"]

1. d4 Nf6 2. c4 c5 3. d5 e6 4. Nc3 exd5 5. cxd5 Bd6 6. Nf3 Bc7 7. e4 d6 8. Bd3 a6 9. a4 Nbd7 10. 0-0 0-0 11. h3 Re8 12. Bf4 Rb8 13. Nd2 Ne5 14. Bxe5 Rxe5 15. Nc4 Rh5 16. a5 Rh4 17. Qf3 Qe7 18. Qe3 Bd7 19. f4 Bb5 20. Nd2 Bd7 21. Qf2 Nh5 22. Ne2 g6 23. b3 Rf8 24. Ra2 Bd8 25. Qf3 1/2-1/2

[Event "GER-ch61 V01 email"]
[Site "GER email"]
[Date "2011.??.??"]
[Round "?"]
[White "Jakobi, Wilfried"]
[Black "Naundorf, Helmut"]
[Result "0-1"]
[WhiteElo "1561"]
[BlackElo "1867"]
[PlyCount "40"]
[EventDate "2010.11.30"]
[EventType "tourn (corr)"]
[EventRounds "6"]
[EventCountry "GER"]
[SourceTitle "Corr 2015"]
[Source "ChessBase"]
[SourceDate "2015.07.17"]
[SourceVersion "1"]
[SourceVersionDate "2015.07.17"]
[SourceQuality "1"]

1. e4 c5 2. Nf3 Nc6 3. d4 cxd4 4. Nxd4 g6 5. c3 Nf6 6. Nxc6 bxc6 7. Bd3 Bg7 8. 0-0 0-0 9. Be3 Qc7 10. h3 d5 11. Nd2 Rb8 12. Qc2 Be6 13. b4 a5 14. a3 Rfc8 15. f4 Bh6 16. e5 Nd7 17. Rf3 c5 18. bxc5 Nxc5 19. Bd4 Bd7 20. Be2 Ne6 0-1

[Event "GER Cup18 Gr38 email"]
[Site "GER email"]
[Date "2010.??.??"]
[Round "?"]
[White "Mathias, Manfred"]
[Black "Naundorf, Helmut"]
[Result "1-0"]
[WhiteElo "2022"]
[BlackElo "1867"]
[PlyCount "105"]
[EventDate "2010.11.01"]
[EventType "tourn (corr)"]
[EventRounds "6"]
[EventCountry "GER"]
[SourceTitle "Corr 2015"]
[Source "ChessBase"]
[SourceDate "2015.07.17"]
[SourceVersion "1"]
[SourceVersionDate "2015.07.17"]
[SourceQuality "1"]

1. e4 c5 2. Nf3 Nc6 3. d4 cxd4 4. Nxd4 g6 5. c4 Nf6 6. Nc3 d6 7. Be2 Nxd4 8. Qxd4 Bg7 9. Be3 0-0 10. Qd2 Be6 11. 0-0 Qa5 12. Rac1 Rfc8 13. b3 a6 14. f4 Bg4 15. Bd3 Bd7 16. b4 Qd8 17. Nd5 Nxd5 18. exd5 e6 19. dxe6 fxe6 20. Be2 Qe7 21. Rfd1 Bf8 22. Bg4 Re8 23. c5 d5 24. Bd4 Bg7 25. Bxg7 Kxg7 26. Re1 Qh4 27. Bf3 Rf8 28. g3 Qf6 29. Re5 Rad8 30. h4 Rc8 31. h5 Kh8 32. h6 g5 33. Rxg5 Qxh6 34. Rh5 Qg7 35. Kg2 Be8 36. Rg5 Bg6 37. Re1 Qf6 38. Qe3 Rc6 39. Re5 Bf5 40. g4 Qg7 41. Kh3 Qh6+ 42. Kg3 Qg7 43. Rh1 Rf7 44. Rh5 Bg6 45. Rh4 Bf5 46. Kh2 Bc2 47. a3 Rf8 48. Rg5 Qf6 49. Kg3 Bb1 50. Re5 Qg7 51. g5 Bg6 52. Bg4 Bf7 53. Rh6 1-0

[Event "GER-ch48 V3 email"]
[Site "GER email"]
[Date "2008.08.29"]
[Round "?"]
[White "Kling, Karl Adolf"]
[Black "Naundorf, Helmut"]
[Result "0-1"]
[WhiteElo "1965"]
[BlackElo "1914"]
[PlyCount "116"]
[EventDate "2008.??.??"]
[EventType "tourn (corr)"]
[EventRounds "10"]
[EventCountry "GER"]
[SourceTitle "Corr 2011"]
[Source "ChessBase"]
[SourceDate "2010.08.31"]
[SourceVersion "1"]
[SourceVersionDate "2010.08.31"]
[SourceQuality "1"]

1. e4 c5 2. f4 e6 3. Nf3 d5 4. Bb5+ Bd7 5. Bxd7+ Nxd7 6. exd5 exd5 7. 0-0 Bd6 8. d4 Ne7 9. Nc3 0-0 10. Nb5 Nf6 11. Re1 Nf5 12. Qd3 g6 13. Nxd6 Qxd6 14. b3 Qc7 15. c3 Rfe8 16. Ba3 cxd4 17. Nxd4 Qb6 18. Bb2 Re4 19. Rxe4 dxe4 20. Qb5 Qxb5 21. Nxb5 Rd8 22. c4 Ng4 23. h3 Nge3 24. g4 Nh4 25. Bf6 Nf3+ 26. Kf2 Nd1+ 27. Rxd1 Rxd1 28. Nc3 Rd2+ 29. Ke3 Rh2 30. Nxe4 Rxh3 31. Nf2 Rg3 32. Ne4 Ne5+ 33. Nxg3 Nxg4+ 34. Kd4 Nxf6 35. Ke5 Ne8 36. Ne4 Kg7 37. f5 g5 38. c5 h5 39. b4 h4 40. Nf2 Nc7 41. Ng4 Na6 42. a3 Nc7 43. Nf6 Nb5 44. a4 Nd4 45. Nh5+ Kh6 46. Kxd4 Kxh5 47. b5 h3 48. c6 bxc6 49. bxc6 h2 50. c7 h1Q 51. c8Q Qa1+ 52. Ke3 Qxa4 53. Qb7 Qf4+ 54. Ke2 Qc4+ 55. Ke3 Qf4+ 56. Ke2 Qxf5 57. Qxa7 g4 58. Qd4 g3 0-1

[Event "GER-ch46 V3 email"]
[Site "GER email"]
[Date "2008.04.14"]
[Round "?"]
[White "Naundorf, Helmut"]
[Black "Reinecke, Rudolf"]
[Result "0-1"]
[WhiteElo "1914"]
[BlackElo "2223"]
[PlyCount "44"]
[EventDate "2008.??.??"]
[EventType "tourn (corr)"]
[EventRounds "10"]
[EventCountry "GER"]
[SourceTitle "Corr 2011"]
[Source "ChessBase"]
[SourceDate "2010.08.31"]
[SourceVersion "1"]
[SourceVersionDate "2010.08.31"]
[SourceQuality "1"]

1. d4 d5 2. c4 e6 3. Nc3 Nf6 4. Bg5 Be7 5. e3 h6 6. Bh4 0-0 7. Nf3 b6 8. cxd5 Nxd5 9. Bxe7 Qxe7 10. Nxd5 exd5 11. Rc1 Be6 12. Qa4 c5 13. Qa3 Rc8 14. Be2 a5 15. 0-0 Qa7 16. b3 a4 17. dxc5 axb3 18. Qxa7 Rxa7 19. cxb6 Rxa2 20. Rc7 b2 21. Nd4 Bd7 22. Bd3 Ra3 0-1

[Event "GER-ch46 V3 email"]
[Site "GER email"]
[Date "2008.??.??"]
[Round "?"]
[White "Schmidt, Alfred"]
[Black "Naundorf, Helmut"]
[Result "1/2-1/2"]
[WhiteElo "1524"]
[BlackElo "1914"]
[PlyCount "40"]
[EventDate "2008.??.??"]
[EventType "tourn (corr)"]
[EventRounds "10"]
[EventCountry "GER"]
[SourceTitle "Corr 2011"]
[Source "ChessBase"]
[SourceDate "2010.08.31"]
[SourceVersion "1"]
[SourceVersionDate "2010.08.31"]
[SourceQuality "1"]

1. e4 c5 2. Nc3 Nc6 3. g3 Nf6 4. Bg2 e6 5. d3 d5 6. exd5 exd5 7. Bg5 Be7 8. Nf3 d4 9. Ne2 Qb6 10. b3 0-0 11. 0-0 Bf5 12. Nf4 Rae8 13. Re1 Bd8 14. Qd2 h6 15. Bxf6 Bxf6 16. Rxe8 Rxe8 17. Re1 Qd8 18. Rxe8+ Qxe8 19. a3 Bd8 20. Qe2 Qxe2 1/2-1/2